[Event "FICGS theme 0000 email"]
[Site "FICGS email"]
[Date "2008.04.21"]
[Round "1"]
[White "Cridland, Graham M"]
[Black "Deluchey, Jean Philippe"]
[Result "0-1"]
[WhiteElo "1438"]
[BlackElo "1700"]
[PlyCount "28"]
[EventDate "2008.??.??"]
[EventType "swiss (corr)"]
[EventRounds "1"]
[SourceTitle "Corr 2022"]
[Source "ChessBase"]
[SourceDate "2021.10.24"]
[SourceVersion "1"]
[SourceVersionDate "2021.10.24"]
[SourceQuality "1"]

1. c4 Nf6 2. b4 e6 3. Qb3 Be7 4. Bb2 0-0 5. Nf3 d6 6. g3 a5 7. a3 e5 8. b5 a4 9. Qc2 e4 10. Ng5 d5 11. cxd5 Qxd5 12. Nh3 e3 13. Rg1 Bf5 14. Qxc7 Bxb1 0-1

[Event "FICGS rapid C 000049 email"]
[Site "FICGS email"]
[Date "2008.04.15"]
[Round "1"]
[White "Deluchey, Jean Philippe"]
[Black "Parmet, Daniel Edward"]
[Result "1-0"]
[WhiteElo "1700"]
[BlackElo "1641"]
[PlyCount "85"]
[EventDate "2008.??.??"]
[EventType "tourn (rapid)"]
[EventRounds "4"]
[SourceTitle "Corr 2022"]
[Source "ChessBase"]
[SourceDate "2021.10.24"]
[SourceVersion "1"]
[SourceVersionDate "2021.10.24"]
[SourceQuality "1"]

1. e4 e5 2. Nc3 Nf6 3. f4 d5 4. exd5 Nxd5 5. Nxd5 Qxd5 6. fxe5 Qxe5+ 7. Qe2 Bd6 8. Qxe5+ Bxe5 9. Nf3 Bf6 10. Bc4 Nc6 11. c3 0-0 12. d4 Re8+ 13. Kf2 Na5 14. Bd3 Be6 15. Re1 Bc4 16. Be4 Re7 17. Bf4 Rae8 18. Nd2 g5 19. Bg3 Be6 20. b4 Nc6 21. Bxc6 bxc6 22. Ne4 Kg7 23. a4 h5 24. Be5 Bxe5 25. dxe5 Kg6 26. Re3 Rd8 27. Rae1 Bc4 28. Nf6 Rd2+ 29. Kg1 Ra2 30. a5 c5 31. h4 cxb4 32. g4 hxg4 33. h5+ Kf5 34. h6 Kg6 35. h7 Kg7 36. Rd1 Bb5 37. Rd8 Be8 38. cxb4 Rb2 39. Rxe8 Rxe8 40. Nxe8+ Kxh7 41. Rc3 Rxb4 42. Rxc7 Kg6 43. Nd6 1-0

[Event "FICGS class D 000085 email"]
[Site "FICGS email"]
[Date "2008.04.14"]
[Round "1"]
[White "Deluchey, Jean Philippe"]
[Black "Kepinski, Janusz"]
[Result "1-0"]
[WhiteElo "1700"]
[BlackElo "1575"]
[PlyCount "83"]
[EventDate "2008.??.??"]
[EventType "tourn (corr)"]
[EventRounds "6"]
[SourceTitle "Corr 2022"]
[Source "ChessBase"]
[SourceDate "2021.10.24"]
[SourceVersion "1"]
[SourceVersionDate "2021.10.24"]
[SourceQuality "1"]

1. e4 e6 2. d4 d5 3. e5 b6 4. c3 Qd7 5. Nf3 c5 6. Be3 cxd4 7. Nxd4 Ba6 8. Bxa6 Nxa6 9. 0-0 g6 10. Nd2 Bg7 11. f4 Ne7 12. a4 0-0 13. a5 Rfe8 14. Qe2 Nc5 15. b4 Na4 16. Qb5 Qxb5 17. Nxb5 a6 18. Nc7 Nxc3 19. axb6 d4 20. Bxd4 Ne2+ 21. Kf2 Nxd4 22. b7 Rab8 23. Nxe8 Rxb7 24. Rxa6 Rb8 25. Nd6 Rxb4 26. Ra8+ Bf8 27. Rc1 Rb2 28. Ke1 Nc2+ 29. Ke2 Nd4+ 30. Kd3 Rxd2+ 31. Kxd2 Nb3+ 32. Kd1 Nxc1 33. Kxc1 Nd5 34. g3 h5 35. Kd2 Kg7 36. Ra7 Be7 37. Ke2 h4 38. Kf3 hxg3 39. hxg3 f6 40. Nc8 f5 41. Nxe7 Nxe7 42. Rxe7+ 1-0